[Event "Benedictine IV"]
[Site "Manchester"]
[Date "1981.09.10"]
[Round "7"]
[White "Pytel, Krzysztof"]
[Black "Fehrig, Andreas"]
[Result "1-0"]
[WhiteElo "2400"]
[BlackElo "2215"]
[PlyCount "99"]
[EventDate "1981.09.04"]
[EventType "swiss"]
[EventRounds "9"]
[EventCountry "ENG"]
[SourceTitle "Bulletin 1981"]

1. d4 d5 2. c4 e6 3. Nc3 Nf6 4. Nf3 c6 5. e3 Nbd7 6. Qc2 Be7 7. b3 O-O 8. Bd3
g6 9. O-O Re8 10. Bb2 Bd6 11. Rad1 a6 12. h3 Qe7 13. Rfe1 b5 14. c5 Bc7 15. b4
a5 16. a3 Bb7 17. Ne2 axb4 18. axb4 Nh5 19. Ra1 Rxa1 20. Rxa1 Bb8 21. g3 Ng7
22. Kg2 Rf8 23. Ra3 Rc8 24. Nd2 f5 25. Nf3 Ne8 26. Ne5 Nef6 27. Ra1 Ne4 28. f3
Nef6 29. Bc3 Nh5 30. Kh2 Qg7 31. Qb2 Nhf6 32. Nc1 Qh6 33. Qe2 Qg7 34. Nb3 Ne8
35. Qb2 Nxe5 36. dxe5 Kh8 37. f4 Qe7 38. Nd4 Ng7 39. Rg1 Bc7 40. Be1 Ra8 41.
Bf2 Bb8 42. Kh1 Bc7 43. Nf3 Qe8 44. g4 Qf7 45. Bh4 Bd8 46. Bxd8 Rxd8 47. Ng5
Qf8 48. Qg2 Ra8 49. gxf5 Nxf5 50. Nxe6 {Source: Bulletin (some errors in the
score but this looks right)} 1-0

[Event "Benedictine IV"]
[Site "Manchester"]
[Date "1981.09.10"]
[Round "7"]
[White "Tisdall, Jonathan D"]
[Black "Da Cunha, Marcos Paolozzi"]
[Result "1-0"]
[WhiteElo "2415"]
[BlackElo "2325"]
[PlyCount "77"]
[EventDate "1981.09.04"]
[EventType "swiss"]
[EventRounds "9"]
[EventCountry "ENG"]
[SourceTitle "Bulletin 1981"]

1. d4 Nf6 2. c4 c5 3. d5 g6 4. Nc3 d6 5. e4 Bg7 6. f4 O-O 7. Nf3 e6 8. Be2 exd5
9. e5 dxe5 10. fxe5 Ng4 11. Bg5 Qa5 12. cxd5 Nxe5 13. O-O Qb4 14. Nxe5 Bxe5 15.
Qc2 h6 16. Be7 Re8 17. d6 Bxd6 18. Bxd6 Qd4+ 19. Kh1 Qxd6 20. Ne4 Rxe4 21. Qxe4
Nc6 22. Bc4 Bf5 23. Bxf7+ Kxf7 24. g4 Re8 25. Qg2 Nd4 26. gxf5 gxf5 27. Rad1
Kf6 28. b4 Qc6 29. Qxc6+ Nxc6 30. Rd6+ Kg5 31. Rd5 cxb4 32. Rdxf5+ Kg6 33. Rf6+
Kg5 34. R1f5+ Kg4 35. Rf2 Kg5 36. Kg2 Ne5 37. R2f5+ Kh4 38. Rxh6+ Kg4 39. Rhh5
{Source: Bulletin} 1-0

[Event "Benedictine IV"]
[Site "Manchester"]
[Date "1981.09.10"]
[Round "7"]
[White "Wells, Ian Duncan"]
[Black "Dlugy, Maxim"]
[Result "1-0"]
[WhiteElo "2355"]
[BlackElo "2350"]
[PlyCount "65"]
[EventDate "1981.09.04"]
[EventType "swiss"]
[EventRounds "9"]
[EventCountry "ENG"]
[SourceTitle "Bulletin 1981"]

1. e4 c6 2. d4 d5 3. exd5 cxd5 4. Bd3 Nc6 5. c3 Nf6 6. Bf4 g6 7. Nd2 Nh5 8. Be3
Bg7 9. Ngf3 O-O 10. O-O f5 11. Nb3 f4 12. Bd2 Bg4 13. Be2 Qd6 14. h3 Bc8 15.
Re1 b6 16. Nc1 Nf6 17. Bb5 Ne4 18. Nd3 g5 19. Bxc6 Qxc6 20. Nde5 Qd6 21. Qb3
Be6 22. Rad1 h5 23. h4 g4 24. Ng5 Nxg5 25. hxg5 Rf5 26. Ng6 f3 27. g3 Re8 28.
Bf4 Qd7 29. Re3 Bf7 30. Nh4 Rxf4 31. gxf4 Qd6 32. Qc2 Qxf4 33. g6 {Source:
Bulletin} 1-0

[Event "Benedictine IV"]
[Site "Manchester"]
[Date "1981.09.11"]
[Round "8"]
[White "Arnason, Jon L"]
[Black "Hanreck, Alan"]
[Result "1-0"]
[WhiteElo "2440"]
[BlackElo "2275"]
[PlyCount "45"]
[EventDate "1981.09.04"]
[EventType "swiss"]
[EventRounds "9"]
[EventCountry "ENG"]
[SourceTitle "Bulletin 1981"]

1. e4 c5 2. Nf3 d6 3. d4 cxd4 4. Nxd4 Nf6 5. Nc3 a6 6. Bg5 e6 7. f4 Be7 8. Qf3
Qc7 9. O-O-O Nbd7 10. Bd3 h6 11. Bh4 g5 12. e5 gxh4 13. exf6 Bxf6 14. Be4 Qb6
15. Nb3 Nc5 16. f5 Bd7 17. fxe6 Bg5+ 18. Kb1 Bxe6 19. Nxc5 Qxc5 20. Bxb7 Rb8
21. Ne4 Qb6 22. Nxd6+ Kf8 23. Rhe1 {Source: Bulletin} 1-0

[Event "Benedictine IV"]
[Site "Manchester"]
[Date "1981.09.11"]
[Round "8"]
[White "Basman, Michael John"]
[Black "Kudrin, Sergey"]
[Result "0-1"]
[WhiteElo "2400"]
[BlackElo "2465"]
[PlyCount "77"]
[EventDate "1981.09.04"]
[EventType "swiss"]
[EventRounds "9"]
[EventCountry "ENG"]
[SourceTitle "Bulletin 1981"]

1. g4 d5 2. h3 e5 3. Bg2 c6 4. d4 e4 5. c4 Bd6 6. Nc3 Ne7 7. Bg5 f6 8. Bd2 O-O
9. Qb3 Kh8 10. Rc1 Na6 11. e3 f5 12. Nge2 Nb4 13. Nxe4 Nxa2 14. Nxd6 Nxc1 15.
Nxc1 Qxd6 16. Bb4 Qc7 17. cxd5 cxd5 18. Nd3 Be6 19. g5 Rfd8 20. Bxe7 Qxe7 21.
h4 Rac8 22. O-O b6 23. f4 Rc7 24. Rf2 Qd6 25. Kh2 a5 26. Bf3 Ra8 27. Ne5 Qb4
28. Qxb4 axb4 29. Bd1 Ra1 30. Rd2 Rcc1 31. Bb3 Rh1+ 32. Kg3 Rag1+ 33. Kf3 Rh3+
34. Ke2 Rg2+ 35. Kd3 Rxd2+ 36. Kxd2 Rxh4 37. Nd3 Rh2+ 38. Ke1 h5 39. Nf2 {
Source: Bulletin} 0-1

[Event "Benedictine IV"]
[Site "Manchester"]
[Date "1981.09.11"]
[Round "8"]
[White "Flear, Glenn C"]
[Black "Hodgson, Julian M"]
[Result "0-1"]
[WhiteElo "2385"]
[BlackElo "2370"]
[PlyCount "68"]
[EventDate "1981.09.04"]
[EventType "swiss"]
[EventRounds "9"]
[EventCountry "ENG"]
[SourceTitle "Bulletin 1981"]

1. d4 b5 2. e4 Bb7 3. Bxb5 Bxe4 4. Nf3 e6 5. O-O Nf6 6. c4 Be7 7. Nc3 Bb7 8.
Re1 O-O 9. Ba4 d6 10. d5 e5 11. Bc2 Nbd7 12. Ng5 g6 13. h4 Ne8 14. Re3 Ng7 15.
Rh3 f5 16. g4 Kh8 17. b4 a5 18. Rb1 axb4 19. Rxb4 Bc8 20. gxf5 gxf5 21. Rf3 Qe8
22. Nb5 Bd8 23. Ra4 Rxa4 24. Bxa4 h6 25. Nh3 Nc5 26. Bxh6 Qg6+ 27. Bg5 Nxa4 28.
Qxa4 f4 29. Kh2 Bg4 30. Rc3 f3 31. Qc2 e4 32. Qc1 Bxh3 33. Kxh3 Rf5 34. Nd4
Rxg5 {Source: Bulletin} 0-1

[Event "Benedictine IV"]
[Site "Manchester"]
[Date "1981.09.11"]
[Round "8"]
[White "Formanek, Edward W"]
[Black "Wells, Ian Duncan"]
[Result "0-1"]
[WhiteElo "2370"]
[BlackElo "2355"]
[PlyCount "114"]
[EventDate "1981.09.04"]
[EventType "swiss"]
[EventRounds "9"]
[EventCountry "ENG"]
[SourceTitle "Bulletin 1981"]

1. e4 c5 2. Nf3 e6 3. c3 b6 4. d4 Bb7 5. Bd3 d6 6. O-O Nd7 7. Re1 Be7 8. Nbd2
Qc7 9. Nf1 Ngf6 10. Qe2 h6 11. h3 O-O-O 12. e5 Nd5 13. Bd2 g5 14. b4 Rhg8 15.
exd6 Bxd6 16. bxc5 bxc5 17. Ne5 Nf4 18. Bxf4 gxf4 19. Be4 Bxe5 20. dxe5 Nxe5
21. Rab1 Bxe4 22. Qxe4 Qc6 23. Qxc6+ Nxc6 24. Rb5 Rg5 25. Nh2 Rd3 26. h4 Rf5
27. Rc1 Kc7 28. Nf3 a6 29. Rb3 Rfd5 30. Kh2 e5 31. Rcb1 e4 32. Ng1 Nd8 33. Nh3
Rf5 34. Ra3 e3 35. Rxa6 Nc6 36. Ra4 e2 37. Re1 f3 38. Ng1 Rd1 39. Nxf3 Rxf3 40.
Rxe2 Rxc3 41. Rf4 Rd7 42. Rf6 h5 43. Rh6 Rd5 44. Rf6 Ne5 45. f3 Rcd3 46. Rf5
Kd6 47. Rf6+ Ke7 48. Rf5 Ke6 49. Rxh5 Kf6 50. Rh6+ Ng6 51. Rh7 Rd2 52. Re4 R5d4
53. Rxd4 cxd4 54. Kg3 d3 55. h5 Nf8 56. Rh6+ Ke7 57. Ra6 Rxg2+ {Source:
Bulletin} 0-1

[Event "Benedictine IV"]
[Site "Manchester"]
[Date "1981.09.11"]
[Round "8"]
[White "Gurevich, Dmitry"]
[Black "Van der Sterren, Paul"]
[Result "1-0"]
[WhiteElo "2425"]
[BlackElo "2420"]
[PlyCount "49"]
[EventDate "1981.09.04"]
[EventType "swiss"]
[EventRounds "9"]
[EventCountry "ENG"]
[SourceTitle "Bulletin 1981"]

1. d4 Nf6 2. c4 e6 3. Nc3 Bb4 4. e3 c5 5. Nge2 cxd4 6. exd4 O-O 7. a3 Be7 8. d5
exd5 9. cxd5 Re8 10. g3 Bc5 11. b4 Ng4 12. bxc5 Qf6 13. Be3 Nxe3 14. fxe3 Qf3
15. Nb5 Qxh1 16. Nc7 Rxe3 17. Qd4 Re4 18. Qf2 Na6 19. Nxa8 d6 20. Qg2 Qxg2 21.
Bxg2 Re8 22. cxd6 Bg4 23. h3 Bxe2 24. d7 Rxa8 25. Rc1 {Source: Bulletin} 1-0

[Event "Benedictine IV"]
[Site "Manchester"]
[Date "1981.09.11"]
[Round "8"]
[White "King, Daniel J"]
[Black "De Bruycker, Bernard"]
[Result "1-0"]
[WhiteElo "2320"]
[BlackElo "2345"]
[PlyCount "83"]
[EventDate "1981.09.04"]
[EventType "swiss"]
[EventRounds "9"]
[EventCountry "ENG"]
[SourceTitle "Bulletin 1981"]

1. e4 c6 2. c4 Na6 3. d4 g6 4. Nc3 Bg7 5. g3 d6 6. Bg2 e5 7. d5 Nf6 8. Nge2 O-O
9. O-O cxd5 10. cxd5 Bd7 11. h3 b5 12. a3 Ne8 13. Be3 Qc8 14. Kh2 Nac7 15. b4
a5 16. bxa5 Rxa5 17. Qb3 Qa6 18. Rfb1 Nf6 19. Qb4 Ra8 20. Rb3 Nfe8 21. Nc1 Bf6
22. Bf1 Bd8 23. a4 Qc8 24. Bb6 R5a6 25. Bxc7 Nxc7 26. Nxb5 Nxb5 27. Bxb5 Bxb5
28. Qxb5 Qc2 29. Qe2 Qc7 30. Rba3 Qa7 31. Kg2 Bb6 32. Nd3 Bd4 33. R1a2 Bc5 34.
Rc3 Bd4 35. Rc4 f5 36. Nb4 Rxa4 37. Rxa4 Qxa4 38. Nc6 Qb5 39. Nxd4 exd4 40.
Rc8+ Rxc8 41. Qxb5 fxe4 42. Qd7 {Source: Bulletin} 1-0

[Event "Benedictine IV"]
[Site "Manchester"]
[Date "1981.09.11"]
[Round "8"]
[White "Ligterink, Gert"]
[Black "Henley, Ron W"]
[Result "1/2-1/2"]
[WhiteElo "2450"]
[BlackElo "2455"]
[PlyCount "40"]
[EventDate "1981.09.04"]
[EventType "swiss"]
[EventRounds "9"]
[EventCountry "ENG"]
[SourceTitle "Ligterink, Gert"]

1. d4 Nf6 2. c4 e6 3. Nf3 c5 4. d5 exd5 5. cxd5 d6 6. Nc3 g6 7. g3 Bg7 8. Bg2
O-O 9. O-O Re8 10. Bf4 Nh5 11. Bg5 Qb6 12. Qd2 a6 13. h3 Nd7 14. e4 Qc7 15. g4
Nhf6 16. Rfe1 b5 17. e5 dxe5 18. d6 Qb8 19. Bxf6 Bxf6 20. g5 Bd8 {Source: Gert
Ligterink} 1/2-1/2

[Event "Benedictine IV"]
[Site "Manchester"]
[Date "1981.09.11"]
[Round "8"]
[White "Smith, Alan A"]
[Black "Hempson, Peter W"]
[Result "1-0"]
[WhiteElo "2250"]
[BlackElo "2245"]
[PlyCount "55"]
[EventDate "1981.09.04"]
[EventType "swiss"]
[EventRounds "9"]
[EventCountry "ENG"]
[SourceTitle "Bulletin 1981"]

1. e4 e6 2. d4 d5 3. Nd2 c5 4. Ngf3 Nc6 5. Bb5 a6 6. exd5 axb5 7. dxc6 bxc6 8.
dxc5 Bxc5 9. Qe2 Nf6 10. O-O O-O 11. Nb3 Be7 12. Be3 Nd5 13. Rfd1 Qc7 14. Bc5
f6 15. Nfd4 Bxc5 16. Nxc5 Qd6 17. Ne4 Qd7 18. c4 Nf4 19. Qf3 bxc4 20. Qxf4 e5
21. Qe3 exd4 22. Rxd4 Qa7 23. Nd6 c5 24. Re4 Ba6 25. Re7 Qb6 26. Qg3 g6 27. Qh4
h5 28. Qe4 {Source: Bulletin} 1-0

[Event "Benedictine IV"]
[Site "Manchester"]
[Date "1981.09.11"]
[Round "8"]
[White "Strauss, David J"]
[Black "Ravikumar, Vaidyanathan"]
[Result "1-0"]
[WhiteElo "2410"]
[BlackElo "2325"]
[PlyCount "37"]
[EventDate "1981.09.04"]
[EventType "swiss"]
[EventRounds "9"]
[EventCountry "ENG"]
[SourceTitle "Bulletin 1981"]

1. Nf3 f5 2. d4 Nf6 3. g3 b6 4. Bg2 Bb7 5. O-O g6 6. c4 Bg7 7. d5 O-O 8. Nc3
Na6 9. Be3 c6 10. Nd4 cxd5 11. cxd5 Nc5 12. Rc1 Nce4 13. Ndb5 Nxc3 14. Nxc3 e5
15. dxe6 Bxg2 16. Qb3 Nd5 17. e7 Qxe7 18. Kxg2 Bxc3 19. Qxd5+ {Source: Bulletin
} 1-0

[Event "Benedictine IV"]
[Site "Manchester"]
[Date "1981.09.12"]
[Round "9"]
[White "Braga, Cicero"]
[Black "Formanek, Edward W"]
[Result "1-0"]
[WhiteElo "2340"]
[BlackElo "2370"]
[PlyCount "59"]
[EventDate "1981.09.04"]
[EventType "swiss"]
[EventRounds "9"]
[EventCountry "ENG"]
[SourceTitle "Bulletin 1981"]

1. Nf3 g6 2. e4 c5 3. g3 Bg7 4. Bg2 Nc6 5. O-O d6 6. d3 Nf6 7. Nc3 O-O 8. h3
Rb8 9. a4 a6 10. Be3 b5 11. axb5 axb5 12. Qd2 b4 13. Ne2 Bb7 14. Bh6 Ra8 15.
Rab1 c4 16. Bxg7 Kxg7 17. Qe3 cxd3 18. cxd3 Ra2 19. d4 Qb6 20. Nf4 Na5 21. e5
Nd5 22. Nh5+ gxh5 23. Qg5+ Kh8 24. Qh6 Rg8 25. Ng5 Rxg5 26. Qxg5 dxe5 27. Bxd5
Qf6 28. Qxf6+ exf6 29. Bxa2 b3 30. Bxb3 {Source: Bulletin} 1-0

[Event "Benedictine IV"]
[Site "Manchester"]
[Date "1981.09.12"]
[Round "9"]
[White "Gurevich, Dmitry"]
[Black "Keene, Raymond D"]
[Result "1/2-1/2"]
[WhiteElo "2425"]
[BlackElo "2475"]
[PlyCount "66"]
[EventDate "1981.09.04"]
[EventType "swiss"]
[EventRounds "9"]
[EventCountry "ENG"]
[SourceTitle "Bulletin 1981"]

1. e4 g6 2. d4 Bg7 3. Nc3 d6 4. Nge2 Nc6 5. d5 Ne5 6. f4 Nd7 7. g3 Ngf6 8. Bg2
O-O 9. O-O c5 10. a4 a6 11. h3 Rb8 12. Qd3 Ne8 13. Be3 Nc7 14. Rfb1 b5 15. axb5
axb5 16. Nd1 b4 17. Nf2 Nb6 18. c4 Ba6 19. b3 Bxa1 20. Rxa1 Ra8 21. Rc1 Bc8 22.
f5 Nd7 23. Bf4 Ne5 24. Qe3 Ra2 25. g4 Ne8 26. Ng3 Qa5 27. Bxe5 dxe5 28. Nd3 Qa3
29. Qxc5 Qxb3 30. Bf1 Rd2 31. Qe3 Ra2 32. Qc5 Rd2 33. Qe3 Ra2 {Source: Bulletin
} 1/2-1/2

[Event "Benedictine IV"]
[Site "Manchester"]
[Date "1981.09.12"]
[Round "9"]
[White "Jackson, Oliver A"]
[Black "Whitehead, Clare E"]
[Result "0-1"]
[WhiteElo "2225"]
[BlackElo "1885"]
[PlyCount "68"]
[EventDate "1981.09.04"]
[EventType "swiss"]
[EventRounds "9"]
[EventCountry "ENG"]
[SourceTitle "Bulletin 1981"]

1. e4 d6 2. d4 Nf6 3. Nc3 g6 4. Bg5 c6 5. Qd2 h6 6. Bf4 g5 7. Bg3 Nh5 8. O-O-O
Qa5 9. Bc4 Nd7 10. Nf3 b5 11. Bb3 Nb6 12. e5 Nxg3 13. hxg3 g4 14. exd6 gxf3 15.
dxe7 Bg7 16. Bxf7+ Kxf7 17. Qf4+ Kg6 18. g4 Bd7 19. Qe4+ Kf7 20. Qxf3+ Kg8 21.
Rh5 Qb4 22. Re1 Nc4 23. b3 Nd6 24. Rhe5 Qxd4 25. R5e3 Be8 26. Rd3 Qc5 27. Re6
Qg5+ 28. Kb1 Bxc3 29. Qf8+ Kh7 30. Rxh6+ Qxh6 31. Rh3 Qxh3 32. gxh3 Bf7 33.
e8=Q Rxe8 34. Qxd6 Re1+ {Source: Bulletin} 0-1

[Event "Benedictine IV"]
[Site "Manchester"]
[Date "1981.09.12"]
[Round "9"]
[White "Kudrin, Sergey"]
[Black "Kuligowski, Adam"]
[Result "1-0"]
[WhiteElo "2465"]
[BlackElo "2405"]
[PlyCount "69"]
[EventDate "1981.09.04"]
[EventType "swiss"]
[EventRounds "9"]
[EventCountry "ENG"]
[SourceTitle "Bulletin 1981"]

1. e4 c5 2. Nf3 d6 3. d4 cxd4 4. Nxd4 Nf6 5. Nc3 a6 6. g3 e5 7. Nde2 Be7 8. a4
Nc6 9. Bg2 Nb4 10. h3 d5 11. exd5 Bf5 12. O-O Bxc2 13. Qd2 Rc8 14. g4 O-O 15.
Ng3 Bc5 16. g5 Ne8 17. Nce4 a5 18. Nxc5 Rxc5 19. Ra3 Nxd5 20. Rc3 Rxc3 21. bxc3
Bb3 22. Ba3 Nec7 23. Rb1 Bc4 24. Bxf8 Kxf8 25. Rxb7 g6 26. Ne4 Kg7 27. Kh2 Qd7
28. Nf6 Qc8 29. Ra7 Nxf6 30. gxf6+ Kxf6 31. Qd6+ Ne6 32. Qe7+ Kf5 33. Qxf7+ Kg5
34. Qe7+ Kf5 35. Qh4 {Source: Bulletin} 1-0

[Event "Benedictine IV"]
[Site "Manchester"]
[Date "1981.09.12"]
[Round "9"]
[White "Miles, Anthony J"]
[Black "Henley, Ron W"]
[Result "1-0"]
[WhiteElo "2565"]
[BlackElo "2455"]
[PlyCount "75"]
[EventDate "1981.09.04"]
[EventType "swiss"]
[EventRounds "9"]
[EventCountry "ENG"]
[SourceTitle "Bulletin 1981"]

1. g3 Nf6 2. Bg2 g6 3. e4 e5 4. Nc3 Nc6 5. Nge2 d6 6. O-O Bg7 7. d3 Be6 8. f4
Qd7 9. Nd5 Bxd5 10. exd5 Ne7 11. c4 h5 12. Qb3 O-O 13. fxe5 dxe5 14. Qxb7 h4
15. Qa6 Qg4 16. Bf3 Qh3 17. Bg5 Ng4 18. Bxg4 Qxg4 19. Bxe7 Qxe2 20. Bxf8 hxg3
21. hxg3 Qxd3 22. Kg2 Rxf8 23. Qa4 Qe4+ 24. Kh3 Bh6 25. Rae1 Qd4 26. Qb3 Bd2
27. Re2 e4 28. Qc2 e3 29. Rf4 Qe5 30. Qd3 Qxb2 31. Qd4 Qb1 32. Kg2 Qb6 33. Rh4
f6 34. Qe4 f5 35. Qe7 Rf7 36. Qe8+ Rf8 37. Rh8+ Kxh8 38. Qxf8+ {Source:
Bulletin} 1-0

[Event "Benedictine IV"]
[Site "Manchester"]
[Date "1981.09.12"]
[Round "9"]
[White "Murey, Jacob"]
[Black "Ligterink, Gert"]
[Result "1-0"]
[WhiteElo "2450"]
[BlackElo "2450"]
[PlyCount "43"]
[EventDate "1981.09.04"]
[EventType "swiss"]
[EventRounds "9"]
[EventCountry "ENG"]
[SourceTitle "Bulletin 1981"]

1. e4 c5 2. Nf3 d6 3. d4 cxd4 4. Nxd4 Nf6 5. Nc3 Nc6 6. Bg5 e6 7. Qd2 a6 8.
O-O-O h6 9. Be3 Nxd4 10. Bxd4 b5 11. Qe3 e5 12. Bb6 Qd7 13. Be2 Bb7 14. f4 exf4
15. Qxf4 Be7 16. e5 Nd5 17. Nxd5 Bg5 18. Qxg5 hxg5 19. Nc7+ Ke7 20. Rxd6 Qc8
21. Rhd1 Re8 22. Bc5 {Source: Bulletin} 1-0

[Event "Benedictine IV"]
[Site "Manchester"]
[Date "1981.09.12"]
[Round "9"]
[White "Pytel, Krzysztof"]
[Black "King, Daniel J"]
[Result "1/2-1/2"]
[WhiteElo "2400"]
[BlackElo "2320"]
[PlyCount "89"]
[EventDate "1981.09.04"]
[EventType "swiss"]
[EventRounds "9"]
[EventCountry "ENG"]
[SourceTitle "Bulletin 1981"]

1. d4 Nf6 2. c4 g6 3. Nc3 d5 4. Nf3 Bg7 5. Bg5 Ne4 6. Bh4 Nxc3 7. bxc3 dxc4 8.
Qa4+ Nd7 9. e3 O-O 10. Qa3 Nf6 11. Bxc4 b6 12. O-O Bb7 13. Ne5 Qd6 14. Qb3 e6
15. Rfd1 Ne4 16. Nd3 g5 17. Bg3 Nxg3 18. hxg3 h5 19. a4 Bf6 20. Ne1 Kg7 21. Be2
g4 22. Nd3 Rh8 23. Nf4 Rh6 24. a5 Rah8 25. axb6 axb6 26. Ra7 Be4 27. Qc4 Rc8
28. d5 exd5 29. Nxd5 Bxd5 30. Rxd5 Qe6 31. e4 Be5 32. Qa6 Re8 33. Bc4 Qf6 34.
Ra8 Rhh8 35. Rxe8 Rxe8 36. Rd7 Re7 37. Rxe7 Qxe7 38. Qb5 Qf6 39. Bb3 c6 40.
Qxb6 Bxc3 41. Qe3 Bd4 42. Qe2 Qe5 43. Qc4 Qf6 44. Qe2 Qe5 45. Qc4 {Source:
Bulletin} 1/2-1/2

[Event "Benedictine IV"]
[Site "Manchester"]
[Date "1981.09.12"]
[Round "9"]
[White "Van der Sterren, Paul"]
[Black "Byron, Alan M"]
[Result "1-0"]
[WhiteElo "2420"]
[BlackElo "2240"]
[PlyCount "91"]
[EventDate "1981.09.04"]
[EventType "swiss"]
[EventRounds "9"]
[EventCountry "ENG"]
[SourceTitle "Bulletin 1981"]

1. d4 d5 2. c4 dxc4 3. Nf3 Nf6 4. Nc3 a6 5. e4 b5 6. e5 Nd5 7. a4 Nxc3 8. bxc3
c6 9. Ng5 h6 10. Ne4 Be6 11. Nc5 Bd5 12. e6 Qd6 13. Be2 Bxe6 14. Nxe6 Qxe6 15.
O-O Nd7 16. Bf3 Rc8 17. axb5 axb5 18. Ra7 Qd6 19. Qe2 e6 20. Qa2 Be7 21. Qa6
O-O 22. Qb7 Rfd8 23. Ba3 c5 24. Bxc5 Nxc5 25. dxc5 Qxc5 26. Qxe7 Qxe7 27. Rxe7
b4 28. cxb4 c3 29. Rc1 c2 30. b5 Rd4 31. g3 Rb4 32. Kg2 Kf8 33. Rb7 Rb1 34.
Rxc2 Rxc2 35. Be4 Rcb2 36. Bxb1 Rxb1 37. Kf3 g6 38. Ke4 Rb2 39. b6 Rxf2 40. Rc7
Kg7 41. b7 Rb2 42. Kd4 Kf6 43. Kc5 e5 44. Rc6+ Ke7 45. Rb6 Rc2+ 46. Kd5 {
Source: Bulletin} 1-0